[Event "Hessen-ch op-A"]
[Site "Floersheim"]
[Date "2016.05.07"]
[Round "5"]
[White "Rosenberger, Frank"]
[Black "Sidorovskiy, Mark"]
[Result "1-0"]
[WhiteElo "2079"]
[BlackElo "1946"]
[PlyCount "81"]
[EventDate "2016.05.05"]
[EventType "swiss"]
[EventRounds "7"]
[EventCountry "GER"]
[SourceTitle "EXT 2022"]
[Source "ChessBase"]
[SourceDate "2021.10.06"]
[SourceVersion "1"]
[SourceVersionDate "2021.10.06"]
[SourceQuality "1"]

1. e4 e6 2. d4 d5 3. Nc3 Nf6 4. e5 Nfd7 5. f4 c5 6. Nf3 Nc6 7. Be3 a6 8. Qd2 b5 9. Be2 b4 10. Na4 Qa5 11. b3 c4 12. 0-0 g6 13. Ng5 h6 14. Nh3 Bb7 15. f5 exf5 16. Nf4 Nd8 17. g4 c3 18. Qd1 g5 19. e6 gxf4 20. exd7+ Kxd7 21. Rxf4 Bd6 22. Rxf5 Qc7 23. Qf1 Bxh2+ 24. Kh1 Kc8 25. Nb6+ Qxb6 26. Kxh2 Re8 27. Qf2 Qg6 28. Bd3 Qg7 29. Rg1 Bc6 30. Bf4 Qf8 31. Be5 Bd7 32. Rf6 Be6 33. Qf4 Nc6 34. Bd6 Qg7 35. Bc5 Kb7 36. Rg3 Rh8 37. a3 bxa3 38. Bxa3 Qg5 39. Rxf7+ Bxf7 40. Qxf7+ Kc8 41. Bf5+ 1-0

[Event "Hessen-ch op-A"]
[Site "Floersheim"]
[Date "2016.05.06"]
[Round "3"]
[White "Sessler, Joachim"]
[Black "Sidorovskiy, Mark"]
[Result "1/2-1/2"]
[WhiteElo "2138"]
[BlackElo "1946"]
[PlyCount "35"]
[EventDate "2016.05.05"]
[EventType "swiss"]
[EventRounds "7"]
[EventCountry "GER"]
[SourceTitle "EXT 2022"]
[Source "ChessBase"]
[SourceDate "2021.10.06"]
[SourceVersion "1"]
[SourceVersionDate "2021.10.06"]
[SourceQuality "1"]

1. e4 e6 2. d4 d5 3. Nd2 Be7 4. Ngf3 Nf6 5. Bd3 c5 6. e5 Nfd7 7. c3 Nc6 8. 0-0 g5 9. Bb5 g4 10. Ne1 Qb6 11. Bxc6 bxc6 12. Nc2 Ba6 13. Re1 h5 14. Nb3 cxd4 15. cxd4 Bc4 16. Nd2 Bd3 17. Nb3 Bc4 18. Nd2 1/2-1/2